All Billie Eilish Songs Over 1 Billion Streams - Statistics

General Stats
  • This quiz has been taken 32 times
  • The average score is 10 of 14
Answer Stats
Hint Answer % Correct
2.73 (When We All Fall Asleep, Where Do We Go?) bad guy
100%
2.61 (hit me hard and soft) birds of a feather
96%
1.59 (Happier Than Ever) happier than ever
83%
3.32 (single, feature) lovely
83%
1.79 (Don't Smile At Me) ocean eyes
83%
1.23 (hit me hard and soft) wildflower
75%
1.11 (Don't Smile At Me) bellyache
67%
1.09 (When We All Fall Asleep, Where Do We Go?) bury a friend
67%
2.18 (When We All Fall Asleep, Where Do We Go?) when the party's over
67%
1.16 (single) bored
58%
1.88 (single) everything i wanted
58%
1.24 (Don't Smile At Me) idontwannabeyouanymore
58%
1.15 (When We All Fall Asleep, Where Do We Go?) i love you
58%
1.32 (single) what was i made for?
54%
No matching quizzes found
Score Distribution
Percent of People with Each Score
Percentile by Number Answered
Your Score History
You have not taken this quiz